النصائح الذهبية في التربية الإسلامية / (رقم التسجيلة. 14625)

تفاصيل مارك
000 -الفاتح
عناصر البيانات ثابتة الطول 00735cam a2200193 i 4500
005 - تاريخ ووقت آخر معاملة
حقل ضبط 20260129114313.0
008 - عناصر البيانات ثابتة الطول
عناصر البيانات ثابتة الطول 250721s1993 ua gr 000 0 ara d
020 ## - الترقيم الدولي المعياري للكتب (ردمك)
الترقيم الدولي المعياري للكتب (ردمك) 9789774581007
082 14 - رقم تصنيف ديوي العشري
رقم التصنيف 370.956
رقم المادة م ح م
100 1# - مدخل رئيسي – اسم شخصي
الاسم الشخصي الشعراوي، محمد متولي
علاقة الشخص بالعمل/ دوره مؤلف.
245 12 - بيان العنوان
العنوان النصائح الذهبية في التربية الإسلامية /
بيان المسؤولية فضيلة الأمام محمد متولي.
264 31 - بيانات النشر، التوزيع…إلخ
مكان النشر، التوزيع...إلخ القاهرة :
اسم الناشر، الموزع...إلخ دار الروضة للنشر والتوزيع،
تاريخ النشر، التوزيع...إلخ 1993.
300 ## - الوصف المادي
عدد الوحدات المكونة للوعاء 252 صفحة.
650 17 - مدخل إضافي بالموضوع - مصطلح موضوعي
مصطلح موضوعي أو اسم جغرافي كعنصر مدخل التربية الإسلامية.
650 17 - مدخل إضافي بالموضوع - مصطلح موضوعي
مصطلح موضوعي أو اسم جغرافي كعنصر مدخل الآداب الإسلامية.
650 17 - مدخل إضافي بالموضوع - مصطلح موضوعي
مصطلح موضوعي أو اسم جغرافي كعنصر مدخل الوعظ و الإرشاد.
942 ## - بيانات إضافية (كوها)
نوع التنصيف Dewey Decimal Classification
نوع المادة (كوها) كتب
المقتنيات
حالة السحب حالة الفقدان مصدر التصنيف حالة التلف غير قابل للإعارة المكتبة الرئيسية المكتبة الحالية موقع الرف تاريخ التزويد الرقم المتسلسل Total Checkouts رقم الإستدعاء الباركود تاريخ آخر ظهور تاريخ الفاتورة نوع المادة (كوها)
    Dewey Decimal Classification     المكتبة المركزية المكتبة المركزية الإعارة 27/12/2018 1697094   370.956 / م ح م PLD00440929 28/07/2025 27/12/2018 كتب
    Dewey Decimal Classification     مكتبة حمزة العامة مكتبة حمزة العامة الإعارة 27/12/2018 1697095   370.956/محم PLD00440930 28/07/2025 27/12/2018 كتب
    Dewey Decimal Classification     مكتبة صويلح العامة مكتبة صويلح العامة الإعارة 27/12/2018 1697096   370.956/محم PLD00440931 28/07/2025 27/12/2018 كتب
Implemented & Customized by: BBB with SCIT (Smart Chains for Information Technology)

Powered by Koha